[Event "Regionalliga SW 0809"]
[Site "Bayern"]
[Date "2008.10.26"]
[Round "2.2"]
[White "Kraenzle, Harald"]
[Black "Ruether, Rudolf"]
[Result "1/2-1/2"]
[WhiteElo "2143"]
[BlackElo "2105"]
[PlyCount "74"]
[EventDate "2008.10.05"]
[EventType "team-tourn"]
[EventRounds "9"]
[EventCountry "GER"]
[SourceTitle "EXT 2020"]
[Source "ChessBase"]
[SourceDate "2019.10.17"]
[SourceVersion "1"]
[SourceVersionDate "2019.10.17"]
[SourceQuality "1"]
[WhiteTeam "Garching II"]
[BlackTeam "Muenchen Siemens"]
[WhiteTeamCountry "GER"]
[BlackTeamCountry "GER"]

1. e4 c5 2. Nc3 e6 3. f4 d5 4. Bb5+ Bd7 5. exd5 Bxb5 6. Nxb5 a6 7. Nc3 exd5 8. Nf3 Nf6 9. 0-0 Be7 10. d4 0-0 11. Kh1 Nc6 12. Be3 c4 13. Ne5 Rc8 14. f5 b5 15. Bg5 b4 16. Ne2 Ne4 17. Bxe7 Qxe7 18. Ng4 Qh4 19. Rf4 Rfe8 20. Kg1 Qe7 21. Ng3 Nxg3 22. hxg3 f6 23. Qf3 Rcd8 24. a3 a5 25. axb4 Qxb4 26. Qa3 Rb8 27. Qf3 Rbd8 28. Qa3 Re2 29. Rc1 Qd2 30. Rcf1 Nxd4 31. Qc5 Nxc2 32. Qc7 Rf8 33. Nh6+ Kh8 34. Nf7+ Kg8 35. Nh6+ Kh8 36. Nf7+ Kg8 37. Nh6+ Kh8 1/2-1/2

[Event "Landesliga Sued 0607"]
[Site "Bayern"]
[Date "2006.11.19"]
[Round "3.4"]
[White "Kraenzle, Harald"]
[Black "Schmid, Franz"]
[Result "0-1"]
[WhiteElo "2165"]
[BlackElo "2131"]
[PlyCount "80"]
[EventDate "2006.10.15"]
[EventType "team-tourn"]
[EventRounds "9"]
[EventCountry "GER"]
[SourceTitle "EXT 2008"]
[Source "ChessBase"]
[SourceDate "2007.11.25"]
[SourceVersion "1"]
[SourceVersionDate "2007.11.25"]
[SourceQuality "1"]
[WhiteTeam "Garching"]
[BlackTeam "Pfarrkirchen SC"]
[WhiteTeamCountry "GER"]
[BlackTeamCountry "GER"]

1. e4 e5 2. d4 exd4 3. Qxd4 Nc6 4. Qe3 Bb4+ 5. Nc3 Nf6 6. Bd2 0-0 7. 0-0-0 Re8 8. Qg3 Nxe4 9. Nxe4 Rxe4 10. Bg5 Be7 11. h4 d6 12. Nh3 h6 13. f3 Ra4 14. Bb5 Rxa2 15. Kb1 Be6 16. Nf4 Bf6 17. c3 Ra5 18. Nxe6 fxe6 19. Bc4 d5 20. Bxh6 Qd6 21. Bf4 e5 22. Bg5 Rd8 23. h5 Qe6 24. Bd3 Bxg5 25. Qxg5 e4 26. h6 g6 27. h7+ Kh8 28. Rh6 Rd6 29. Qf4 Qe7 30. Re1 Ne5 31. Bc2 Rda6 32. Kc1 Ra1+ 33. Kd2 Rxe1 34. Kxe1 exf3 35. Kf2 Rf6 36. Qd4 c5 37. Qh4 fxg2+ 38. Kxg2 Nf7 39. Rxg6 Rxg6+ 40. Bxg6 Qxh4 0-1

[Event "Regionalliga SW 0405"]
[Site "Bayern"]
[Date "2004.11.28"]
[Round "3.7"]
[White "Daurer, Walter"]
[Black "Kraenzle, Harald"]
[Result "0-1"]
[WhiteElo "1988"]
[BlackElo "2121"]
[PlyCount "83"]
[EventDate "2004.10.24"]
[EventType "team-tourn"]
[EventRounds "9"]
[EventCountry "GER"]
[SourceTitle "EXT 2007"]
[Source "ChessBase"]
[SourceDate "2006.11.23"]
[SourceVersion "1"]
[SourceVersionDate "2006.11.23"]
[SourceQuality "1"]
[WhiteTeam "Muenchen Tarrasch II"]
[BlackTeam "Garching"]
[WhiteTeamCountry "GER"]
[BlackTeamCountry "GER"]

1. e4 d5 2. exd5 Qxd5 3. Nc3 Qa5 4. d4 Nf6 5. Nf3 c6 6. Bc4 Bf5 7. Bd2 e6 8. Nd5 Qd8 9. Nxf6+ gxf6 10. Bb3 Bg4 11. Qe2 Nd7 12. h3 Bh5 13. 0-0-0 Qc7 14. g4 Bg6 15. Nh4 Bd6 16. Nxg6 hxg6 17. Qe4 0-0-0 18. f4 f5 19. Qf3 Rh4 20. Rdf1 Rdh8 21. g5 c5 22. dxc5 Nxc5 23. Kb1 Ne4 24. Bc1 Kb8 25. c3 Bc5 26. Bc2 Nd6 27. Bd3 Qc6 28. Bd2 Ne4 29. Be1 Bd6 30. Qe3 Bc5 31. Qf3 Qd5 32. Kc2 R4h5 33. h4 Qxa2 34. Rh2 Ba3 35. Kc1 Qa1+ 36. Bb1 Rc8 37. Rc2 Bc5 38. Qe2 Rhh8 39. Rf3 Rhd8 40. Rd3 Bd6 41. Rf3 Nc5 42. Qc4 0-1

[Event "Regionalliga SW 0304"]
[Site "Bayern"]
[Date "2004.04.25"]
[Round "9.4"]
[White "Kraenzle, Harald"]
[Black "Pittelkow, Erhard"]
[Result "1-0"]
[WhiteElo "2155"]
[BlackElo "2072"]
[PlyCount "93"]
[EventDate "2003.10.??"]
[EventType "team"]
[EventRounds "9"]
[EventCountry "GER"]
[SourceTitle "EXT 2006"]
[Source "ChessBase"]
[SourceDate "2005.11.24"]
[SourceVersion "1"]
[SourceVersionDate "2005.11.24"]
[SourceQuality "1"]
[WhiteTeam "Garching"]
[BlackTeam "Muenchen RTA"]
[WhiteTeamCountry "GER"]
[BlackTeamCountry "GER"]

1. e4 c5 2. Nc3 Nc6 3. f4 g6 4. Nf3 Bg7 5. Bc4 e6 6. d3 Nge7 7. 0-0 d5 8. Bb3 dxe4 9. dxe4 0-0 10. Qe1 Nd4 11. Nxd4 cxd4 12. Ne2 b6 13. Bd2 d3 14. cxd3 Bxb2 15. Rd1 Nc6 16. Rf3 Bg7 17. Kh1 Re8 18. Qg3 Qe7 19. Rdf1 Kh8 20. Qh3 b5 21. Bc3 Bxc3 22. Nxc3 Nd4 23. Rg3 Nxb3 24. axb3 Qb4 25. Nd1 a5 26. Qh6 Qf8 27. Qg5 Bd7 28. e5 Qe7 29. Qh6 Rg8 30. Ne3 f5 31. exf6 Qxf6 32. Ng4 Qe7 33. Ne5 Be8 34. d4 Rd8 35. Rd1 Rg7 36. Qh3 Qf6 37. Rf3 a4 38. bxa4 bxa4 39. Qg3 Ra7 40. h3 Rda8 41. Ra3 Rb7 42. Ng4 Qe7 43. Qe3 Qd6 44. Re1 Bd7 45. d5 exd5 46. Qd4+ Kg8 47. Nh6+ 1-0

[Event "Regionalliga SW 0203"]
[Site "Bayern"]
[Date "2003.02.23"]
[Round "7.4"]
[White "Steiner, Thomas"]
[Black "Kraenzle, Harald"]
[Result "1/2-1/2"]
[WhiteElo "1894"]
[BlackElo "2149"]
[PlyCount "119"]
[EventDate "2002.10.20"]
[EventType "team"]
[EventRounds "9"]
[EventCountry "GER"]
[SourceTitle "EXT 2004"]
[Source "ChessBase"]
[SourceDate "2003.11.25"]
[SourceVersion "1"]
[SourceVersionDate "2003.11.25"]
[SourceQuality "1"]
[WhiteTeam "Bobingen"]
[BlackTeam "Garching"]
[WhiteTeamCountry "GER"]
[BlackTeamCountry "GER"]

1. Nf3 Nf6 2. g3 c5 3. Bg2 Nc6 4. 0-0 e6 5. c4 Be7 6. Nc3 0-0 7. d4 cxd4 8. Nxd4 a6 9. b3 Qc7 10. Bb2 b6 11. Nxc6 dxc6 12. Qc2 Bb7 13. Rad1 b5 14. Ne4 c5 15. Nxf6+ Bxf6 16. Bxb7 Qxb7 17. Bxf6 gxf6 18. Rd6 Rfd8 19. Rfd1 Rxd6 20. Rxd6 Qc7 21. Rd2 Rd8 22. Rxd8+ Qxd8 23. cxb5 axb5 24. Qxc5 Qd1+ 25. Kg2 Qxe2 26. Qb4 e5 27. a4 bxa4 28. bxa4 Kg7 29. a5 f5 30. Qa3 f4 31. gxf4 exf4 32. Qf3 Qa6 33. Qd5 Qf6 34. Qh5 Qc6+ 35. f3 Qc2+ 36. Kh3 Qa4 37. Qg5+ Kf8 38. Kg4 Qd7+ 39. Qf5 Qd2 40. Kh3 Qc1 41. Qd3 Qc8+ 42. Kg2 Qe6 43. a6 Qa2+ 44. Kf1 Qa1+ 45. Kf2 Qb2+ 46. Kg1 Qa1+ 47. Kg2 Qa2+ 48. Kh3 Qe6+ 49. Kh4 Qe1+ 50. Kg4 Qg1+ 51. Kh3 Qc5 52. Kg2 Qg5+ 53. Kh1 Qa5 54. Qd6+ Kg8 55. Qb8+ Kg7 56. Qb7 Qe1+ 57. Kg2 Qe2+ 58. Kh3 Qe6+ 59. Kg2 Qe2+ 60. Kh3 1/2-1/2

[Event "Regionalliga SW 0203"]
[Site "Bayern"]
[Date "2003.01.12"]
[Round "4.5"]
[White "Tudosa, Daniel"]
[Black "Kraenzle, Harald"]
[Result "1/2-1/2"]
[WhiteElo "2052"]
[BlackElo "2149"]
[PlyCount "58"]
[EventDate "2002.10.20"]
[EventType "team"]
[EventRounds "9"]
[EventCountry "GER"]
[SourceTitle "EXT 2004"]
[Source "ChessBase"]
[SourceDate "2003.11.25"]
[SourceVersion "1"]
[SourceVersionDate "2003.11.25"]
[SourceQuality "1"]
[WhiteTeam "Tuerkheim"]
[BlackTeam "Garching"]
[WhiteTeamCountry "GER"]
[BlackTeamCountry "GER"]

1. d4 Nf6 2. Nf3 d6 3. c4 c6 4. Nc3 g6 5. e4 Bg4 6. Be2 Bxf3 7. Bxf3 Bg7 8. 0-0 0-0 9. Be3 Nbd7 10. b4 a5 11. a3 axb4 12. axb4 Rxa1 13. Qxa1 b6 14. Qa7 Qb8 15. Ra1 c5 16. Qa4 Rc8 17. bxc5 bxc5 18. Rb1 Qc7 19. Nb5 Qd8 20. Na7 Rb8 21. Rd1 Rb4 22. Qa6 Nb8 23. Qa2 cxd4 24. Bxd4 Qc7 25. Rc1 Nbd7 26. h3 Nb6 27. Qa5 Rxc4 28. Rxc4 Qxc4 29. Qxb6 Qc1+ 1/2-1/2

[Event "Regionalliga SW 0203"]
[Site "Bayern"]
[Date "2002.10.20"]
[Round "1.4"]
[White "Kwan, Michael"]
[Black "Kraenzle, Harald"]
[Result "0-1"]
[WhiteElo "2055"]
[BlackElo "2149"]
[PlyCount "100"]
[EventDate "2002.10.20"]
[EventType "team"]
[EventRounds "9"]
[EventCountry "GER"]
[SourceTitle "EXT 2004"]
[Source "ChessBase"]
[SourceDate "2003.11.25"]
[SourceVersion "1"]
[SourceVersionDate "2003.11.25"]
[SourceQuality "1"]
[WhiteTeam "Muenchen Tarrasch II"]
[BlackTeam "Garching"]
[WhiteTeamCountry "GER"]
[BlackTeamCountry "GER"]

1. Nf3 Nf6 2. c4 c5 3. g3 d5 4. cxd5 Nxd5 5. Bg2 Nc6 6. Nc3 Nc7 7. 0-0 e5 8. Ne1 Be7 9. Nd3 f6 10. Bxc6+ bxc6 11. Qa4 Bd7 12. b3 Ne6 13. Ba3 0-0 14. Qc4 Qa5 15. Na4 Rf7 16. Ndxc5 Bxc5 17. Nxc5 Nd4 18. Nxd7 Qxa3 19. f4 Qd6 20. e3 Ne6 21. f5 Ng5 22. h4 Qxd7 23. hxg5 fxg5 24. d4 Qc7 25. Kg2 Rd8 26. Rad1 exd4 27. Rxd4 Rxd4 28. Qxd4 Qa5 29. Rf2 Rxf5 30. Rxf5 Qxf5 31. Qxa7 Qe4+ 32. Kf2 h5 33. Qd4 Qc2+ 34. Kg1 Qb1+ 35. Kg2 Qxa2+ 36. Kg1 Qb1+ 37. Kg2 Qf5 38. Qd8+ Kh7 39. Qe8 Qg6 40. Qe5 Qf6 41. Qe8 Qg6 42. Qe5 Kh6 43. Qb8 Qe4+ 44. Kf2 h4 45. b4 Qf5+ 46. Ke1 h3 47. Qh8+ Qh7 48. Qc8 Qb1+ 49. Kd2 Qxb4+ 50. Kd3 Qd6+ 0-1

[Event "Regionalliga SW 0102"]
[Site "Bayern"]
[Date "2002.04.14"]
[Round "8.6"]
[White "Schulz, Michael"]
[Black "Kraenzle, Harald"]
[Result "0-1"]
[WhiteElo "2085"]
[BlackElo "2125"]
[PlyCount "86"]
[EventDate "2001.10.07"]
[EventType "team"]
[EventRounds "9"]
[EventCountry "GER"]
[SourceTitle "EXT 2003"]
[Source "ChessBase"]
[SourceDate "2002.11.25"]
[SourceVersion "1"]
[SourceVersionDate "2002.11.25"]
[SourceQuality "1"]
[WhiteTeam "Muenchen Tarrasch"]
[BlackTeam "Garching"]
[WhiteTeamCountry "GER"]
[BlackTeamCountry "GER"]

1. d4 Nf6 2. Nf3 c5 3. c3 e6 4. Bg5 cxd4 5. cxd4 Qa5+ 6. Nc3 Ne4 7. Bd2 Nxd2 8. Qxd2 Be7 9. e4 d6 10. Bd3 0-0 11. 0-0 Nc6 12. a3 Bf6 13. Bc4 Qh5 14. Rfe1 e5 15. Nd5 Bd8 16. dxe5 dxe5 17. Rac1 Bg4 18. Rc3 Kh8 19. b4 Rc8 20. Be2 Qg6 21. Qe3 Bxf3 22. Bxf3 Bg5 23. Qd3 Nd4 24. Bg4 Rxc3 25. Nxc3 Bf4 26. Bf5 Qh6 27. h3 Bd2 28. Re3 Bxe3 29. fxe3 Nxf5 30. exf5 Qh4 31. e4 Rd8 32. Nd5 Rc8 33. Kh2 a6 34. a4 h6 35. b5 axb5 36. axb5 Qf2 37. Ne7 Qf4+ 38. Qg3 Qxg3+ 39. Kxg3 Rc3+ 40. Kg4 Re3 41. f6 g6 42. b6 Rxe4+ 43. Kg3 Rd4 0-1

[Event "Regionalliga SW 0102"]
[Site "Bayern"]
[Date "2001.11.25"]
[Round "3.6"]
[White "Kraenzle, Harald"]
[Black "Froehlich, Rainer"]
[Result "0-1"]
[WhiteElo "2125"]
[BlackElo "1930"]
[PlyCount "80"]
[EventDate "2001.10.07"]
[EventType "team"]
[EventRounds "9"]
[EventCountry "GER"]
[SourceTitle "EXT 2003"]
[Source "ChessBase"]
[SourceDate "2002.11.25"]
[SourceVersion "1"]
[SourceVersionDate "2002.11.25"]
[SourceQuality "1"]
[WhiteTeam "Garching"]
[BlackTeam "Sonthofen"]
[WhiteTeamCountry "GER"]
[BlackTeamCountry "GER"]

1. e4 c5 2. c4 Nc6 3. Nf3 e5 4. Nc3 d6 5. d3 g6 6. Nd5 Bg7 7. Be2 Nf6 8. Nxf6+ Bxf6 9. Bh6 Qa5+ 10. Nd2 Nd4 11. 0-0 Ne6 12. Bg4 Bg7 13. Bxg7 Nxg7 14. Nb3 Qd8 15. f4 exf4 16. Rxf4 0-0 17. Bxc8 Rxc8 18. Qf3 Nh5 19. Rg4 f5 20. exf5 Kh8 21. Qxb7 gxf5 22. Rg3 Nxg3 23. hxg3 Rc7 24. Qd5 Qe7 25. Rf1 Qe3+ 26. Kh2 Rg7 27. Qxd6 Rfg8 28. Rf3 Qe1 29. Nxc5 Rg6 30. Qf4 Rg5 31. Qh4 f4 32. Ne4 fxg3+ 33. Nxg3 Qe5 34. d4 Qd6 35. c5 Qc7 36. b4 Qg7 37. Qf4 Rg4 38. Qe3 Rxd4 39. Rf4 Qh6+ 40. Nh5 Qxh5+ 0-1

[Event "Regionalliga SW 0001"]
[Site "Bayern"]
[Date "2001.02.18"]
[Round "6.4"]
[White "Kraenzle, Harald"]
[Black "Tudosa, Daniel"]
[Result "1-0"]
[WhiteElo "2110"]
[BlackElo "2060"]
[PlyCount "75"]
[EventDate "2000.10.15"]
[EventType "team-tourn"]
[EventRounds "9"]
[EventCountry "GER"]
[SourceTitle "EXT 2020"]
[Source "ChessBase"]
[SourceDate "2019.10.17"]
[SourceVersion "1"]
[SourceVersionDate "2019.10.17"]
[SourceQuality "1"]
[WhiteTeam "Garching"]
[BlackTeam "Tuerkheim/Bad Woerishofen"]
[WhiteTeamCountry "GER"]
[BlackTeamCountry "GER"]

1. e4 g6 2. d4 Bg7 3. Nc3 d6 4. Be3 Nf6 5. Qd2 c6 6. f3 Qa5 7. 0-0-0 b5 8. Kb1 b4 9. Nce2 Na6 10. Nc1 Rb8 11. g4 Bxg4 12. Nb3 Qb6 13. fxg4 Nxg4 14. Bf4 Nc7 15. h3 Nf6 16. e5 dxe5 17. Bxe5 Rd8 18. Bc4 Ncd5 19. Bxd5 cxd5 20. Bxf6 Bxf6 21. Nf3 a5 22. Nc5 Rc8 23. h4 h5 24. Qf4 Qc7 25. Qe3 a4 26. Rhe1 0-0 27. Ne5 Bxh4 28. Rh1 Bf6 29. Rxh5 Bg7 30. Rhh1 Bxe5 31. Qh6 Rfd8 32. Qh7+ Kf8 33. dxe5 Qxe5 34. Rde1 Qg7 35. Ne6+ fxe6 36. Rhf1+ Qf6 37. Rxf6+ exf6 38. Qxg6 1-0

[Event "Regionalliga SW 0001"]
[Site "Bayern"]
[Date "2000.10.15"]
[Round "1.4"]
[White "Krklec, Daniel"]
[Black "Kraenzle, Harald"]
[Result "0-1"]
[WhiteElo "2020"]
[BlackElo "2110"]
[PlyCount "82"]
[EventDate "2000.10.15"]
[EventType "team-tourn"]
[EventRounds "9"]
[EventCountry "GER"]
[SourceTitle "EXT 2020"]
[Source "ChessBase"]
[SourceDate "2019.10.17"]
[SourceVersion "1"]
[SourceVersionDate "2019.10.17"]
[SourceQuality "1"]
[WhiteTeam "Muenchen 77 Nord"]
[BlackTeam "Garching"]
[WhiteTeamCountry "GER"]
[BlackTeamCountry "GER"]

1. e4 d5 2. e5 Bf5 3. d4 c5 4. Ne2 e6 5. c3 Nc6 6. Be3 cxd4 7. Bxd4 Nge7 8. Nf4 Qc7 9. Qa4 f6 10. Na3 fxe5 11. Nb5 Qb8 12. Bc5 Nc8 13. Bxf8 Rxf8 14. Nh5 Rf7 15. Be2 a6 16. Na3 e4 17. 0-0 g6 18. Ng3 Qf4 19. Bb5 N8e7 20. Nc2 Rc8 21. Bxc6+ Nxc6 22. f3 Qb8 23. fxe4 b5 24. Qa3 dxe4 25. Rad1 Qb6+ 26. Kh1 Ne5 27. Rd6 Rc6 28. Rxc6 Qxc6 29. Nd4 Qb6 30. b3 Nd3 31. h3 e3 32. Nde2 h5 33. c4 b4 34. Qa4+ Kf8 35. a3 h4 36. Nxf5 gxf5 37. axb4 Nf2+ 38. Kg1 Nxh3+ 39. gxh3 Rg7+ 40. Kh2 Qc7+ 41. Nf4 e2 0-1

[Event "Saarlouis op 2nd"]
[Site "Saarlouis"]
[Date "1999.06.01"]
[Round "5"]
[White "Kraenzle, Harald"]
[Black "Sonnhalter, Walter"]
[Result "1-0"]
[WhiteElo "2255"]
[BlackElo "1859"]
[PlyCount "81"]
[EventDate "1999.05.??"]
[EventType "swiss"]
[EventRounds "9"]
[EventCountry "GER"]
[SourceTitle "EXT 2006"]
[Source "ChessBase"]
[SourceDate "2005.11.24"]
[SourceVersion "1"]
[SourceVersionDate "2005.11.24"]
[SourceQuality "1"]

1. e4 c5 2. Nc3 Nc6 3. f4 e6 4. Nf3 g6 5. Bc4 Bg7 6. d3 Nge7 7. 0-0 0-0 8. Qe1 a6 9. f5 d5 10. Qh4 Nxf5 11. exf5 Qxh4 12. Nxh4 Bd4+ 13. Kh1 dxc4 14. fxg6 hxg6 15. dxc4 Bxc3 16. bxc3 Kg7 17. Rb1 Na5 18. Be3 b6 19. Rf4 e5 20. Re4 Re8 21. Nf3 f6 22. Rxb6 Bf5 23. Rh4 g5 24. Bxg5 fxg5 25. Rh5 Be6 26. Rxg5+ Kf6 27. Rh5 Rab8 28. Rh6+ Kf5 29. Rhxe6 Nxc4 30. Rxe8 Rxb6 31. h4 e4 32. Ng5 Ne5 33. Rf8+ Kg4 34. Nxe4 Rb1+ 35. Kh2 Re1 36. Nxc5 Re2 37. Kg1 Rxc2 38. Re8 Kg3 39. Kf1 Rf2+ 40. Ke1 Ng4 41. Ne4+ 1-0

[Event "Saarlouis op 2nd"]
[Site "Saarlouis"]
[Date "1999.05.29"]
[Round "1"]
[White "Ferner, Joachim"]
[Black "Kraenzle, Harald"]
[Result "0-1"]
[WhiteElo "1813"]
[BlackElo "2255"]
[PlyCount "54"]
[EventDate "1999.05.??"]
[EventType "swiss"]
[EventRounds "9"]
[EventCountry "GER"]
[SourceTitle "EXT 2006"]
[Source "ChessBase"]
[SourceDate "2005.11.24"]
[SourceVersion "1"]
[SourceVersionDate "2005.11.24"]
[SourceQuality "1"]

1. e4 d6 2. d4 Nd7 3. Nf3 e5 4. c3 Ngf6 5. Bd3 Be7 6. 0-0 0-0 7. Re1 c6 8. Nbd2 Qc7 9. Nf1 Re8 10. Bg5 Nf8 11. Ne3 h6 12. Bxf6 Bxf6 13. d5 Ng6 14. Rc1 Nf4 15. Bf1 g6 16. c4 c5 17. g3 Nh3+ 18. Kg2 Qd7 19. Rc3 Kg7 20. Be2 Bg5 21. Nxe5 Rxe5 22. Bg4 Qe7 23. Bxc8 Nxf2 24. Kxf2 Rxc8 25. h4 Bf6 26. Qg4 Re8 27. h5 Rg5 0-1

[Event "Regionalliga SW 9900"]
[Site "Bayern"]
[Date "1999.??.??"]
[Round "2.1"]
[White "Hoy, Bernd"]
[Black "Kraenzle, Harald"]
[Result "1-0"]
[WhiteElo "2180"]
[BlackElo "2140"]
[PlyCount "83"]
[EventDate "1999.??.??"]
[EventType "team-tourn"]
[EventRounds "9"]
[EventCountry "GER"]
[SourceTitle "EXT 2020"]
[Source "ChessBase"]
[SourceDate "2019.10.17"]
[SourceVersion "1"]
[SourceVersionDate "2019.10.17"]
[SourceQuality "1"]
[WhiteTeam "Klosterlechfeld"]
[BlackTeam "Garching"]
[WhiteTeamCountry "GER"]
[BlackTeamCountry "GER"]

1. d4 Nf6 2. c4 c5 3. Nf3 cxd4 4. Nxd4 e5 5. Nb5 d5 6. cxd5 Bc5 7. N5c3 0-0 8. e3 Bf5 9. Bc4 Nbd7 10. 0-0 Re8 11. a3 e4 12. Nd2 Bd6 13. f4 exf3 14. Nxf3 Bg4 15. Be2 Bc5 16. Kh1 Bxe3 17. Bxe3 Rxe3 18. Qd2 Re8 19. Bb5 a6 20. Ba4 b5 21. Bb3 Nc5 22. Ba2 Nce4 23. Nxe4 Nxe4 24. Qf4 Bxf3 25. Rxf3 Nd6 26. Raf1 Re4 27. Qd2 Qe7 28. Rxf7 Nxf7 29. d6 Qe5 30. Bxf7+ Kh8 31. Bd5 Rd8 32. Bxe4 Qxe4 33. d7 h6 34. Qd6 Qe2 35. Rc1 Qg4 36. Rd1 Qe2 37. b4 Kh7 38. h3 h5 39. Kh2 h4 40. Rd4 Qh5 41. Qe7 Qf5 42. Rxh4+ 1-0

[Event "Regionalliga SW 9899"]
[Site "Bayern"]
[Date "1999.??.??"]
[Round "7.1"]
[White "Kostic, Vladimir G"]
[Black "Kraenzle, Harald"]
[Result "1-0"]
[WhiteElo "2455"]
[BlackElo "2160"]
[PlyCount "82"]
[EventDate "1998.??.??"]
[EventType "team-tourn"]
[EventRounds "9"]
[EventCountry "GER"]
[SourceTitle "EXT 2020"]
[Source "ChessBase"]
[SourceDate "2019.10.17"]
[SourceVersion "1"]
[SourceVersionDate "2019.10.17"]
[SourceQuality "1"]
[WhiteTeam "Muenchen Suedost"]
[BlackTeam "Garching"]
[WhiteTeamCountry "GER"]
[BlackTeamCountry "GER"]

1. d4 Nf6 2. Nf3 c5 3. e3 e6 4. Bd3 Be7 5. Nbd2 0-0 6. 0-0 b6 7. b3 Bb7 8. Bb2 d5 9. Ne5 Nbd7 10. f4 Ne4 11. Rf3 f5 12. Nxd7 Qxd7 13. Rh3 Nxd2 14. Qxd2 Rac8 15. Be2 c4 16. c3 b5 17. b4 a5 18. a3 Bc6 19. Kh1 Bf6 20. Rg1 axb4 21. axb4 Qe7 22. g4 g6 23. Bf3 Rcd8 24. Qg2 Rf7 25. Ra1 Kf8 26. Bc1 Ra8 27. Rxa8+ Bxa8 28. gxf5 gxf5 29. Rh6 Rg7 30. Qa2 Bc6 31. Qa6 Bd7 32. Qa8+ Be8 33. Bh5 Rg6 34. Bxg6 hxg6 35. Rxg6 Qf7 36. Rg1 Qh5 37. Qa2 Qf3+ 38. Qg2 Bh5 39. Rf1 Qe2 40. Qxe2 Bxe2 41. Rf2 Bg4 1-0

[Event "Regionalliga SW 9899"]
[Site "Bayern"]
[Date "1998.??.??"]
[Round "2.1"]
[White "Kraenzle, Harald"]
[Black "Berndt, Axel"]
[Result "1-0"]
[WhiteElo "2155"]
[BlackElo "2205"]
[PlyCount "71"]
[EventDate "1998.??.??"]
[EventType "team-tourn"]
[EventRounds "9"]
[EventCountry "GER"]
[SourceTitle "EXT 2020"]
[Source "ChessBase"]
[SourceDate "2019.10.17"]
[SourceVersion "1"]
[SourceVersionDate "2019.10.17"]
[SourceQuality "1"]
[WhiteTeam "Garching"]
[BlackTeam "Sendling"]
[WhiteTeamCountry "GER"]
[BlackTeamCountry "GER"]

1. e4 Nf6 2. e5 Nd5 3. g3 d6 4. exd6 cxd6 5. Bg2 Nf6 6. d4 g6 7. Nf3 Bg7 8. 0-0 0-0 9. c4 d5 10. c5 Nc6 11. Nc3 Ne4 12. Re1 Nxc3 13. bxc3 Bf5 14. Nh4 Be6 15. Rb1 b6 16. cxb6 axb6 17. Qb3 Qd7 18. Bf4 Bf6 19. Nf3 Bf5 20. Rb2 Na5 21. Qd1 Nc4 22. Rbe2 Bg4 23. Qc1 Bxf3 24. Bxf3 Ra3 25. Bh6 Rfa8 26. Qf4 R3a5 27. h4 Qd6 28. Qg4 e6 29. h5 Bg7 30. hxg6 hxg6 31. Rxe6 fxe6 32. Rxe6 Qxe6 33. Qxe6+ Kh7 34. Bxg7 Kxg7 35. Bxd5 Nd2 36. Qf7+ 1-0

[Event "Regionalliga SW 9798"]
[Site "Bayern"]
[Date "1998.??.??"]
[Round "?.1"]
[White "Kraenzle, Harald"]
[Black "Schlemmer, Hans"]
[Result "1-0"]
[WhiteElo "2160"]
[BlackElo "2170"]
[PlyCount "121"]
[EventDate "1997.10.??"]
[EventType "team-tourn"]
[EventRounds "9"]
[EventCountry "GER"]
[SourceTitle "EXT 2020"]
[Source "ChessBase"]
[SourceDate "2019.10.17"]
[SourceVersion "1"]
[SourceVersionDate "2019.10.17"]
[SourceQuality "1"]
[WhiteTeam "Garching"]
[BlackTeam "Obermenzing"]
[WhiteTeamCountry "GER"]
[BlackTeamCountry "GER"]

1. e4 e5 2. Nf3 Nc6 3. d4 exd4 4. Nxd4 Nf6 5. Nxc6 bxc6 6. Bd3 d5 7. exd5 cxd5 8. 0-0 Be7 9. Bb5+ Bd7 10. Bxd7+ Qxd7 11. Bg5 0-0 12. Nc3 c6 13. Re1 Rfe8 14. Qf3 h6 15. Bh4 Nh7 16. Bxe7 Rxe7 17. Kf1 Rae8 18. Rxe7 Qxe7 19. Qe2 Qd8 20. Qd3 Qb8 21. g3 Qxb2 22. Rb1 Qa3 23. Kg2 Qe7 24. Qd4 Ng5 25. h4 Ne6 26. Qe5 Qd7 27. Rb8 Rxb8 28. Qxb8+ Kh7 29. Qe5 Qc7 30. Qf5+ Kg8 31. h5 Qa5 32. Qe5 Qb4 33. Ne2 Qc4 34. c3 Qxa2 35. Nd4 Nxd4 36. cxd4 Qa3 37. Qe8+ Qf8 38. Qxc6 Qd8 39. Qb7 a5 40. Qb5 Qa8 41. Qa4 Kf8 42. Qa3+ Ke8 43. Qa4+ Ke7 44. Qa3+ Kd7 45. Qa4+ Kc7 46. Qa3 Kb6 47. Qc5+ Ka6 48. Qd6+ Kb5 49. Qc5+ Ka4 50. Kf3 Qb7 51. Kg2 Qd7 52. Qc2+ Kb5 53. Qb3+ Ka6 54. Qb8 a4 55. Qa8+ Kb5 56. Qb8+ Kc4 57. Qb2 Kd3 58. Qb4 Qc6 59. Kh2 Qc4 60. Qa3+ Kxd4 61. Qe3# 1-0

[Event "Regionalliga SW 9899"]
[Site "Bayern"]
[Date "1998.??.??"]
[Round "3.1"]
[White "Nissen, Jens"]
[Black "Kraenzle, Harald"]
[Result "1-0"]
[WhiteElo "2205"]
[BlackElo "2155"]
[PlyCount "55"]
[EventDate "1998.??.??"]
[EventType "team-tourn"]
[EventRounds "9"]
[EventCountry "GER"]
[SourceTitle "EXT 2020"]
[Source "ChessBase"]
[SourceDate "2019.10.17"]
[SourceVersion "1"]
[SourceVersionDate "2019.10.17"]
[SourceQuality "1"]
[WhiteTeam "Pasing II"]
[BlackTeam "Garching"]
[WhiteTeamCountry "GER"]
[BlackTeamCountry "GER"]

1. e4 e5 2. d4 exd4 3. Nf3 Bb4+ 4. Bd2 Qe7 5. Bd3 Nc6 6. 0-0 Bxd2 7. Nbxd2 d6 8. h3 Nf6 9. Nb3 0-0 10. Re1 Re8 11. Nbxd4 Nxd4 12. Nxd4 Qe5 13. c3 Bd7 14. Re3 Nh5 15. Qb3 b6 16. Bc4 Re7 17. Rae1 Rae8 18. Nf5 Re6 19. Bxe6 Rxe6 20. Qd5 Qf6 21. Nxd6 g6 22. e5 Qe7 23. Ne4 Bc6 24. Qd4 Ng7 25. Nf6+ Kh8 26. Qh4 h5 27. Qg5 Nf5 28. g4 1-0

[Event "Regionalliga SW 9798"]
[Site "Bayern"]
[Date "1998.??.??"]
[Round "?.1"]
[White "Rogobete, Nikolas Johann"]
[Black "Kraenzle, Harald"]
[Result "1-0"]
[WhiteElo "1970"]
[BlackElo "2170"]
[PlyCount "46"]
[EventDate "1997.10.??"]
[EventType "team-tourn"]
[EventRounds "9"]
[EventCountry "GER"]
[SourceTitle "EXT 2020"]
[Source "ChessBase"]
[SourceDate "2019.10.17"]
[SourceVersion "1"]
[SourceVersionDate "2019.10.17"]
[SourceQuality "1"]
[WhiteTeam "Tuerkheim"]
[BlackTeam "Garching"]
[WhiteTeamCountry "GER"]
[BlackTeamCountry "GER"]

1. e4 d5 2. exd5 Qxd5 3. Nc3 Qa5 4. d4 Nf6 5. Bd3 Bg4 6. f3 Bh5 7. Nge2 e6 8. Bd2 c6 9. Ne4 Qd8 10. Be3 Nbd7 11. Qd2 Nxe4 12. fxe4 Be7 13. 0-0 0-0 14. Nf4 Bg6 15. Nxg6 hxg6 16. Rf3 e5 17. c3 Bf6 18. Raf1 Nb6 19. Qf2 Qe7 20. a4 Nd7 21. Bc4 Rae8 22. Qg3 Kh7 23. Qg4 g5 1-0